000 00477nam a22001817a 4500
003 NUST - PNEC
005 20170116181041.0
008 150922b xxu||||| |||| 00| 0 eng d
020 _a9789694073644
040 _cLIBRARY
082 _a003 HAS
100 _9137
_aHasnain, S.K.
245 _aSignals & systems : Theory & worked examples
_cS. K Hasnain
250 _a-
260 _cc.2009
650 _911597
_aSignals & Systems
_xMIS, MS Comm, Computer
942 _2ddc
_cBK
999 _c68098
_d68098